| 000 | 00497nam a2200145Ia 4500 | ||
|---|---|---|---|
| 008 | 151021s9999 xx 000 0 und d | ||
| 020 | _a007030873x | ||
| 050 | _aHD 58.7 .L86 1999 | ||
| 245 | _a_Instructor's Manual and Test Bank to accompany (4th ed.) Human Relations in Organizations Robert N. Lussier | ||
| 260 | _aBurr Ridge McGraw-Hill 1999 | ||
| 300 | _axiii,531p,;ill | ||
| 500 | _aIncludes index | ||
| 650 | _a_Human Relations in Organizations | ||
| 980 | _a^d20110823 11:32:28^oanne | ||
| 999 |
_c7988 _d7988 |
||